000
00257nam a2200097Ia 4500
001
639816
005
20250826153435.0
008
250824s9999 xx 000 0 und d
245
0
_a
Ece Yüce/Ablalar Yaramazlık Yapar mı?
_c
Gülten Dayıoğlu
260
_b
ALTIN
999
_c
639816
_d
639816